000 00674nam a2200241Ia 4500
003 GCL
008 140319s9999 xx 000 0 eng d
020 _a1857151453
040 _aGCL /
_cGCL
082 0 4 _a833
_bK C
100 1 _aJOSIPOVICI, GUBRIEL
245 1 0 _aCOLLECTED STORIES /
_cJOSIPOVICI, GUBRIEL
700 1 _aKAFKA, FRANZ
700 1 _aMUIR, EDWIN
700 1 _aMUIR, WILLA
260 _aانجلترا :
_bEVERYMAN'S LIBRARY ،
_c1993
300 _a21 CM ؛
_cXLIX, 503 P
490 _aTHE MILLENNIUM LIBRARY
_v145
650 0 4 _aLITERATURE
650 0 4 _aGERMAN LITERATURE
650 0 4 _aGERMAN LITERATURE - TRANSLATION INTO ENGLISH
942 _2ddc
_cBK
999 _c5220
_d5220